00327nam a2200121Ia 4500008004100000041000800041082001600049100001700065245004500082260004100127300003000168365000700198240624s9999 xx 000 0 und d aeng a658.011 SAI aSAI YASUTAKA aEIGHT CORE VALUES OF THE JAPANESE BUSINE c1999aMumbaibJaico Publishing House axi, : 177 : p. : cm. ; 25 cRS